Characters from The Pretender Quiz Stats

 Plays Quiz not verified by Sporcle

Challenge
Share
Tweet
Embed
Score 0/13 Timer 05:00
0 Plays Today
Actor Character % Correct
Michael T. WeissJarod
94.2%
Andrea ParkerMiss Parker
93%
Harve PresnellMr. Parker
93%
Patrick BauchauSydney
90.7%
Jon GriesBroots
82.6%
James DentonMr. Lyle
75.6%
Richard MarcusMr. Raines
74.4%
Ryan MerrimanYoung Jarod
62.8%
Paul DillonAngelo
62.8%
Sam AyersSam
51.2%
Willie GaultWillie
51.2%
Pamela GidleyBrigitte
34.9%
Alex WexoYoung Sydney
33.7%

You're not logged in!

Compare scores with friends on all Sporcle quizzes.
OR
Log In

You Might Also Like...

Show Comments

Extras

Created Aug 29, 2010ReportNominate
Tags:character, pretender

Top Quizzes Today


Score Distribution

Your Account Isn't Verified!

In order to create a playlist on Sporcle, you need to verify the email address you used during registration. Go to your Sporcle Settings to finish the process.

Report this User

Report this user for behavior that violates our Community Guidelines.

Details: